<?xml version="1.0" encoding="UTF-8"?>
<collection xmlns="http://www.loc.gov/MARC21/slim">
 <record>
  <leader>00533pamaa2200169   4500</leader>
  <controlfield tag="001">0000014997</controlfield>
  <controlfield tag="005">20070203090000.0</controlfield>
  <datafield tag="020" ind1="0" ind2="0">
   <subfield code="a">0091495415 </subfield>
  </datafield>
  <datafield tag="090" ind1="0" ind2="0">
   <subfield code="a">TT150 </subfield>
   <subfield code="b">BRE 1983</subfield>
  </datafield>
  <datafield tag="100" ind1="1" ind2="0">
   <subfield code="a">BRECKON </subfield>
  </datafield>
  <datafield tag="245" ind1="1" ind2="0">
   <subfield code="a">Introducting craft design and technology  </subfield>
   <subfield code="c">Andrew Breckon and David Prest.</subfield>
  </datafield>
  <datafield tag="260" ind1="0" ind2="0">
   <subfield code="a">London: </subfield>
   <subfield code="b">Thames/Hutchinson, </subfield>
   <subfield code="c">1983.</subfield>
  </datafield>
  <datafield tag="300" ind1=" " ind2=" ">
   <subfield code="a">100p.: </subfield>
   <subfield code="b">ill.; </subfield>
   <subfield code="c">30cm.</subfield>
  </datafield>
  <datafield tag="650" ind1="0" ind2="0">
   <subfield code="a">Handicrafts -- </subfield>
   <subfield code="x">Study and teaching </subfield>
  </datafield>
  <datafield tag="650" ind1="0" ind2="0">
   <subfield code="a">Design -- </subfield>
   <subfield code="x">Study and teaching </subfield>
  </datafield>
  <datafield tag="650" ind1="0" ind2="0">
   <subfield code="a">Technology -- </subfield>
   <subfield code="x">Study and teaching </subfield>
  </datafield>
  <datafield tag="700" ind1="1" ind2="1">
   <subfield code="a">Prest, </subfield>
   <subfield code="h">David </subfield>
  </datafield>
 </record>
</collection>
